BBC Sherlock - Who's That Character? - Statistics

General Stats
  • This quiz has been taken 489 times
    471 since last reset
  • The average score is 14 of 26
Answer Stats
Hint Answer % Correct
Well-dressed consulting criminal Jim Moriarty
95%
Not your housekeeper! Mrs. Hudson
90%
Runs a very successful blog, army doctor John Watson
88%
Scotland Yard's finest DCI Greg Lestrade
85%
Holds a minor role in the British Government Mycroft Holmes
85%
Knows what everyone likes, preferred title of 'Dominatrix' Irene Adler
84%
Married to John, ex-assassin Mary Watson
82%
Founder of The Empty Hearse fanclub Phillip Anderson
82%
Original writer of the Sherlock Holmes stories Sir Arthur Conan Doyle
71%
Likes Quavers, kittens and Sherlock Holmes Molly Hooper
70%
Police officer that dislikes Sherlock Sally Donovan
68%
The eponymous 'hero' of Sherlock Sherlock Holmes
64%
Not evil, just a businessman, never bothers anyone important Charles Augustus Magnussen
50%
Introduced John to Sherlock Mike Stamford
45%
Briefly dates Sherlock, PA for Magnussen Janine
43%
Even more evil than Moriarty himself, one of the series' writers ;) Steven Moffat
39%
Ressembles Sherlock, Molly's fiancé Tom
35%
Journalist that was going to expose Sherlock Kitty Riley
30%
John's old commander Major James Sholto
26%
Was going to tell the truth about Sherlock, fake identity Rich Brook
26%
Works in a museum, murdered by her brother Soo Lin Yao
22%
Restaurant owner, Sherlock got him off a murder charge Angelo
21%
Sees the footprints of a gigantic hound Henry Knight
21%
Sherlock's protégé Bill Wiggins
20%
Murderous cab driver with an aneurysm Jeff Hope
17%
Knows her fashion, has a cat called Sekhmet Connie Price
8%
No matching quizzes found
Score Distribution
Percent of People with Each Score
Percentile by Number Answered
Your Score History
You have not taken this quiz since the last reset